000 00521cam a2200145 a 4500
020 _a0444863656 (Elsevier NorthHolland) :
040 _cDLC
082 0 0 _a511 SOL 1982 A062 Or.
245 0 0 _aAlgebraic and geometric combinatorics /
260 _aAmsterdam ;
_aNew York :
_bNorth-Holland Pub. Co. ;
_aNew York :
_bSole distributors for the U.S.A. and Canada, Elsevier Science Pub. Co.,
_cc1982.
300 _axiii, 378 p. :
_bill. ;
_c24 cm.
650 0 _aCombinatorial analysis.
700 1 _aMendelsohn, Eric.
942 _cEK
999 _c15652
_d15652